00979nam a2200217 i 450000100060000000300090000600500170001500700030003200800410003510000410007624502260011726000480034330000210039153000350041265000200044771000330046774000570050085200240055785200660058185601140064720373ES-MaACL20250814013814.0t|021112s1858 sp |||| | spa d1 aAguilar y Vela, Antonio, d1820-188210aDiscurso pronunciado en la solemne inauguración del año académico de 1858 a 1859 en la Universidad Central : b[tema: Importancia y necesidad del estudio de las ciencias] / cpor el doctor D. Antonio Aguilar y Vela. aMadrid : b[s.n., c1858] (fImp. Nacional) a30 p. ; c23 cm. aDisponible en formato digital. 7aCiencias2embne2 aUniversidad Central (Madrid)02aImportancia y necesidad del estudio de las ciencias.4 aES-MaACLjT-10-F-144 aES-MaACLjT-385-F-21 z- Sello de "Los Escolares Médicos"4 uhttp://bibliotecavirtualdefensa.es/BVMDefensa/es/consulta/registro.do?id=45512zBiblioteca Virtual de Defensa